00848nas a2200241Ia 4500001001100000003000900011008004100020040001300061040001300074041001300087100003800100210002100138222002100159245008700180250001100267260003600278501008600314300001100400310001200411362002900423500011800452650003600570R022/99743IT-RoPAU151124c99999999xx |||||||||||| ||und|| aIT-RoPAU cIT-RoPAU aITALIANO aAA.VV. gCodice Aut. SPICS: 12000 aINFORMAZIONI MCS aInformazioni Mcs aINFORMAZIONI MCS, ANNO 34-N.03/04 (1991)bInformazioni Mcs, Anno 34-N.03/04 (1991) a1a ed. aVICENZAbINFORMAZIONI MCSc1991 bPaulus - SPICS - Società San Paolo EM (non-commercial uses only)cCopyright2015 a104 p. aMENSILE aANNO 034, N.03/04 (1991) aCatalogo di 748 Film in Ordine Alfabetico e per Argomento: Utilizzabili per Programmazioni Culturali e Pastorali. aCINEMAvPUBBLICAZIONE PERIODICA